Estadísticas del cobre y otros minerales: 1991-2000

Saved in:
Bibliografiske detaljer
Format: Bog
Sprog:spansk
engelsk
Udgivet: Santiago Cochilco 2001
Udgivelse:20a. ed
Fag:
Tags: Tilføj Tag
Ingen Tags, Vær først til at tagge denne postø!

MARC

LEADER 00000nam a2200000 a 4500
001 UCM0545
003 CL-VaPUC
008 020301e20010000CL |||||||||||||||||spa|d
041 0 7 |a spa  |2 CL-VaPUC 
041 0 7 |a eng  |2 CL-VaPUC 
082 0 4 |a 338.2  |b EST  |2 21 
245 1 0 |a Estadísticas del cobre y otros minerales: 1991-2000 
250 |a 20a. ed 
300 |a 109 p 
942 |c BK 
945 |d 20020301 00:00:00  |a cmena 
260 |a Santiago  |b Cochilco  |c 2001 
650 7 |a EXTRACCION DE MINERALES - ESTADISTICAS  |2 CL-VaPUC  |9 467399 
650 7 |a PRODUCCION MINERA - ESTADISTICAS  |2 CL-VaPUC  |9 467400 
650 0 |a Gestión de la producción   |9 259467 
651 7 |a CHILE  |2 CL-VaPUC  |9 467401 
583 |a last modification  |c 20020301 00:00:00  |k Rodrigo Vera 
999 |c 299437  |d 299435 
952 |0 0  |1 0  |4 0  |6 338_200000000000000_EST_2001  |7 0  |8 F  |9 355971  |a BIBGIM  |b BIBGIM  |d 2019-11-21  |i 3795047  |o 338.2 EST 2001  |p 3795047  |r 2025-01-15  |w 2019-11-21  |y BK_F  |k GIM